Suezská kríza vrcholí – aké boli vyhliadky mierového riešenia? (august 1956)

Tri týždne po znárodnení Spoločnosti Suezského prieplavu Británia nedokázala rázne reagovať. Okamžitý vojenský zásah bol nemožný a účinné potrestanie Egypta si vyžadovalo americkú podporu. Ministri uznali, že predstava J. F. Dullesa o „vyvrhnutí“ prieplavu, bude závisieť od diplomatických krokov a v...

Full description

Saved in:
Bibliographic Details
Main Author: Sorby, Karol R.
Format: Book Chapter
Language:Slovak
Subjects:
Tags: Add Tag
No Tags, Be the first to tag this record!

MARC

LEADER 00000nla a2200000 4500
001 0235126
005 20240502073816.4
041 0 |a slo 
044 |a SK 
245 1 0 |a Suezská kríza vrcholí – aké boli vyhliadky mierového riešenia? (august 1956)  |c Karol R. Sorby 
520 |a Tri týždne po znárodnení Spoločnosti Suezského prieplavu Británia nedokázala rázne reagovať. Okamžitý vojenský zásah bol nemožný a účinné potrestanie Egypta si vyžadovalo americkú podporu. Ministri uznali, že predstava J. F. Dullesa o „vyvrhnutí“ prieplavu, bude závisieť od diplomatických krokov a vytvorenia medzinárodnej koalície, ale „jastrabi“ ako Anthony Eden a Harold Macmillan sa nechceli vzdať vojenského riešenia. Plán prvej londýnskej konferencie vypracovaný J. F. Dullesom, Selwynom Lloydom a Christianom Pineauom, bol jednoduchý: pod vedením Británie, USA a Francúzska väčšina zostávajúcich 22 štátov mala súhlasiť s vytvorením medzinárodnej správy, ktorá by kontrolovala tranzit cez prieplav. Egypt sa odmietol zúčastniť a zamietol akékoľvek spochybňovanie svojej zvrchovanosti. 
610 2 0 |a Veľká Británia 
610 2 0 |a Egypt 
610 2 0 |a politika medzinárodná 
610 2 0 |a konflikty medzinárodné 
610 2 0 |a prieplavy 
100 1 |a Sorby, Karol R.